|
|
|
|
| LEADER |
00906ncm a22002052a 4500 |
| 001 |
001263296 |
| 003 |
CZ BrMZK |
| 005 |
20150529133143.0 |
| 007 |
qu |
| 008 |
121105s1928 gw |||||||||||||||||zxx d |
| 040 |
|
|
|a BOA001
|b cze
|
| 072 |
|
7 |
|a 786
|x Hudba pro klávesové nástroje
|2 Konspekt
|9 9
|
| 100 |
1 |
|
|a Heller, Max Paul,
|d 1867-
|7 ola2010586218
|4 arr
|
| 245 |
1 |
0 |
|a Sonatinen Album.
|n Band I.
|h [hudebnina] :
|b einen Sammlung der berühmtesten Sonatinen, Rondos usw. von Clementi, Dussek, Kuhlau, Haydn, Mozart, Beethoven und andere /
|c Phrasierungausgabe in der fortscheitender Schwierigkeit, mit Fingersatz- und Pedalbezeichnung versehen von M. P. Heller
|
| 260 |
|
|
|a Berlin :
|b Richard Birnbach,
|c c1928
|
| 300 |
|
|
|a 1 partitura (84 s.)
|
| 910 |
|
|
|a BOA001
|b Mus4-0235.109,1
|
| 990 |
|
|
|a MU
|
| 991 |
|
|
|b 201211
|
| 996 |
6 |
|
|b 2619493040
|c Mus4-0235.109,1
|l MZK
|r Sklad / do 1 hodiny
|n 0
|w 001297232
|u 000010
|a 1
|e BOA001
|j MZK50
|s P
|